| 000 | 00378nam a2200157Ia 4500 | ||
|---|---|---|---|
| 003 | OSt | ||
| 005 | 20240221120252.0 | ||
| 008 | 170524s9999 xx 000 0 und d | ||
| 020 | _a9789350516638 | ||
| 040 | _cIIMT UNIVERSITY | ||
| 100 | _aMUTHIAH- KRISHNAVENI | ||
| 100 | _c2011 | ||
| 245 | 0 | _aLOGISTICS MANAGEMENT & WORLD SEABORE TRADE | |
| 260 | _aHIMALYA | ||
| 942 |
_2ddc _c02 |
||
| 999 |
_c2957 _d2957 |
||